000 00418nam a2200181Ia 4500
001 7894
005 20260306160529.0
008 260306t2003||||xx |||||||||||||| ||spa||
041 _aESP
082 _a363.7
_bA66
100 _aAramburu, Carlos
_eAUT
245 0 _aAmazonia:
_bprocesos demograficos y ambientales.
260 _c2003
300 _a
_c
650 _aGEN
654 _aCAN
942 _cLIB
_dJUS
_fJUS
_2ddc
_n
999 _c7894
_d7894